书目信息 |
| 题名: |
新手教师进阶手册
|
|
| 作者: | 徐国民 主编 ;郑小燕 分册主编 | |
| 分册: | 小学卷 | |
| 出版信息: | 上海 上海教育出版社 2019.10 |
|
| 页数: | 181页 | |
| 开本: | 21cm | |
| 丛书名: | 上海教师教育丛书 | |
| 单 册: | ||
| 中图分类: | G451.2 , G625.1 | |
| 科图分类: | ||
| 主题词: | 师资培养 , 小学教师--师资培养 | |
| 电子资源: | ||
| ISBN: | 978-7-5444-8840-2 | |
| 000 | 01074nam 2200325 45 | |
| 001 | 012001002322 | |
| 005 | 20140823100501.0 | |
| 010 | @a978-7-5444-8840-2@dCNY40.00 | |
| 099 | @aCAL 012019105338 | |
| 100 | @a20190904d2019 em y0chiy0110 ea | |
| 101 | 0 | @achi |
| 102 | @aCN@b310000 | |
| 105 | @aa z 000yy | |
| 106 | @ar | |
| 200 | 1 | @a新手教师进阶手册@Axin shou jiao shi jin jie shou ce@i小学卷@f徐国民主编@g郑小燕分册主编 |
| 210 | @a上海@c上海教育出版社@d2019.10 | |
| 215 | @a181页@c彩图@d21cm | |
| 225 | 2 | @a上海教师教育丛书@Ashang hai jiao shi jiao yu cong shu@i知会书系 |
| 330 | @a本书从教学、活动、养成、个别、环境、人际等几个方面为小学新手教师在教育教学实践中遇到的难题解惑支招。 | |
| 410 | 0 | @12001 @a上海教师教育丛书 |
| 461 | 0 | @12001 @a上海教师教育丛书 |
| 462 | 0 | @12001 @a知会书系 |
| 606 | 0 | @a师资培养 |
| 606 | 0 | @a小学教师@x师资培养 |
| 690 | @aG451.2@v5 | |
| 690 | @aG625.1@v5 | |
| 701 | 0 | @a徐国民@AXu Guomin@4主编 |
| 702 | 0 | @a郑小燕@AZeng Xiaoyan@4分册主编 |
| 801 | @aCN@bAHXH@c20210922 | |
| 905 | @b1281593-7@dG451.2@e475@f5 | |
| 新手教师进阶手册.小学卷/徐国民主编/郑小燕分册主编.-上海:上海教育出版社,2019.10 |
| 181页:彩图;21cm.-(上海教师教育丛书.知会书系) |
| ISBN 978-7-5444-8840-2:CNY40.00 |
| 本书从教学、活动、养成、个别、环境、人际等几个方面为小学新手教师在教育教学实践中遇到的难题解惑支招。 |
| ● |
| 相关链接 |
|
|
|
|
正题名:新手教师进阶手册
索取号:G451.2/475
 
预约/预借
| 序号 | 登录号 | 条形码 | 馆藏地/架位号 | 状态 | 备注 |
| 1 | 1281593 | 212815934 | 第一样本阅览室/ [索取号:G451.2/475] | 在馆 | |
| 2 | 1281594 | 212815943 | 教育系资料室/ [索取号:G451.2/475] | 在馆 | |
| 3 | 1281595 | 212815952 | 教育系资料室/ [索取号:G451.2/475] | 在馆 | |
| 4 | 1281596 | 212815961 | 第四借阅区/ [索取号:G451.2/475] | 在馆 | |
| 5 | 1281597 | 212815970 | 第四借阅区/ [索取号:G451.2/475] | 在馆 |